| 000 | 00817cab a2200289 4500 | ||
|---|---|---|---|
| 001 | ABS52901 | ||
| 008 | 090401t1995 xxu||||| |||| 00| 0 eng d | ||
| 035 | _a(Sirsi) u766 | ||
| 041 | _aeng | ||
| 100 | _aDawson, M. | ||
| 245 | _aTemporary forms of occupation - the role of licences to occupy | ||
| 260 | _c1995 | ||
| 350 | _a0 | ||
| 490 |
_aProperty Management _v13(2) 1995, 32-35(4) |
||
| 520 | _aConsiders the limited and specialised uses of licence agreements. | ||
| 650 | _aCONTRACTUAL LICENCES | ||
| 650 | _aHOUSING ACT 1988 | ||
| 650 | _aLANDLORD AND TENANT ACT 1954 | ||
| 650 | _aLEASES | ||
| 650 | _aLICENCE AGREEMENTS | ||
| 650 | _aRENT ACT 1977 | ||
| 650 | _aTENANCY AT WILL | ||
| 690 | _aPROPERTY-LANDLORD AND TENANT | ||
| 700 | _aMidgley-Hunt, J. | ||
| 942 | _n0 | ||
| 948 | _c04/03/1997 | ||
| 999 |
_c408 _d408 |
||